Risenberg - Riesenkoppe - Geschichte der Schneekoppe

Titel: Risenberg - Riesenkoppe - Geschichte der Schneekoppe / Ursula Koppe
Verfasser:
In: Auf historischer Spurensuche im Bobertal... ; Bd. 3. Seminarband ... der 3. Bobertaltagung 2016, (2018), Seite 951-962
alle Artikel anzeigen
Veröffentlicht: 2018
Format: Aufsatz
Sprache: Deutsch
Schlagworte:
Kein Bild verfügbar
X
alg: 48495481
001A    $03025:30-08-21 
001B    $01999:30-08-21 $t22:32:18.000 
001D    $03025:30-08-21 
001U    $0utf8 
001X    $00 
002@    $0Aou 
002C    $aText $btxt $2rdacontent 
002D    $aohne Hilfsmittel zu benutzen $bn $2rdamedia 
002E    $aBand $bnc $2rdacarrier 
003@    $0484954814 
007A    $0484954814 $aHEB 
010@    $ager 
010E    $erda 
011@    $a2018 
021A    $aRisenberg - Riesenkoppe - Geschichte der Schneekoppe $hUrsula Koppe 
028A    $BVerfasser $4aut $8Koppe, Ursula [Tnu] $9484955276 
031A    $h951-962 $j2018 
039B    $aEnthalten in $8--Afx--. Auf historischer Spurensuche im Bobertal... ; Bd. 3. Seminarband ... der 3. Bobertaltagung 2016. - Würzburg : Stiftung Kulturwerk Schlesien, 2018. - 811 - 1187 Seiten, [32] ungezählte Seiten. - Illustrationen. - ISBN 978-3-929817-09-6 $x201800000000000049 $9438600185 
044K    $RRiesengebirge $#Śnieżka $#Snežka $#Riesenkoppe $#Koppe $74283493-4 $8Schneekoppe [Tg1] $908653114X 
045F    $a390.094385 $eDDC23BSB 
045F/01 $a390 
045F/03 $g4385 

lok: 48495481 78

exp: 48495481 78 1 #EPN
201B/01 $030-08-21 $t13:09:54.000 
201C/01 $030-08-21 
201U/01 $0utf8 
203@/01 $01167149513 
208@/01 $a30-08-21 $be 
209A/01 $a/ $f000 $x00 
209A/01 $ab*p $x01 
220C/01 $apgar 
244Z/01 $#Schlesien $#Schlesien $#Herzogtum Schlesien $#Herzogtum Schlesien Schlesien $#Provinz Schlesien $#Śla̜sk $#Slezsko $#Silesia $74052678-1 $8--Tg1--Schlesien $x01 $9085146781 
247C/01 $82080>Marburg/Lahn, Herder-Institut, Forschungsbibliothek, Bibliographieportal $9336309341
LEADER 00000caa a2200000 c 4500
001 484954814
003 DE-603
005 20210830223218.0
007 tu
008 210830s2018 xx |||| | u00||u|ger c
035 |a (DE-599)HEB484954814 
040 |a DE-603  |b ger  |c DE-603  |d DE-603  |e rda 
041 |a ger 
082 0 4 |8 1\u  |a 390.094385  |q DE-101  |2 23/BSB 
085 |8 1\u  |b 390 
085 |8 1\u  |z 2  |s 4385 
100 1 |a Koppe, Ursula  |e Verfasser  |4 aut  |0 (DE-603)484955276 
245 0 0 |a Risenberg - Riesenkoppe - Geschichte der Schneekoppe  |c Ursula Koppe 
264 0 |c 2018 
336 |a Text  |b txt  |2 rdacontent 
337 |a ohne Hilfsmittel zu benutzen  |b n  |2 rdamedia 
338 |a Band  |b nc  |2 rdacarrier 
651 7 |a Schneekoppe  |0 (DE-588)4283493-4  |0 (DE-603)08653114X  |2 gnd 
773 0 8 |i Enthalten in  |t Auf historischer Spurensuche im Bobertal... ; Bd. 3. Seminarband ... der 3. Bobertaltagung 2016  |d Würzburg : Stiftung Kulturwerk Schlesien, 2018  |h 811 - 1187 Seiten, [32] ungezählte Seiten, Illustrationen  |z 9783929817096  |g (2018), Seite 951-962  |w (DE-603)438600185 
924 0 |9 2080  |a (DE-603)1167149513  |b DE-2080  |c HES  |d d  |g /